01419nam a22002657a 4500003000400000005001700004008004100021040001100062082001400073100002900087245001400116260012900130300002300259490002600282505031900308505018100627505004400808505004800852505004300900505002200943650004500965650004401010650005501054650004401109OSt20230516094548.0230516b |||||||| |||| 00| 0 eng d cLado V 2708aK82f aKontova, Helenaeeditora aFlashArt/ aAustraliaaAustriaaBelgicaaCanadaaFranciaaAlemaniaaGran BretañaaHolandaaItaliaaEspañaaIrlandabGEA POLITIc2001 a128p.c20.5x27.5cm a217vXXXIVx0394-1493 aFlash Art NewstThe populist Pressure on The 2nd Berlin Biennale Presumes Innocents 55 Years of Polish Art At Galleries The New Kunsthalle in Vienna Tokyo Tv Mark Wallinger Thierry de Duve's Voici Theory Galleries Talk Aperto: San Francisco Group Shows New York Cup Up Books and Catalogues Videoclip aFeaturestThomas Demand Divorcee on Holiday Miami Lee Bul Paul Noble Paul McCarthy Ike Ude The Truth about Emily and Me Marjetica Potre Same Same but Another Millennium aGlobal ArtrColby Caldwell Wim Delvoye aOuverturesrJohn Pilson Patrick Tuttofuoco aSpotlightstHavana Biennial Superflat aFlash Art Reviews 2Tesauro de Arte & ArquitecturaaCATALOGO 2Tesauro de Arte & ArquitecturaaREVISTA 2Tesauro de Arte & ArquitecturaaARTE INTERNACIONAL 2Tesauro de Arte & ArquitecturaaCRITICA